Bridge The Gap - Music #1 - Statistics

General Stats
  • This quiz has been taken 2 times
  • The average score is 3 of 15
Answer Stats
Hint Song Answer Song Hint % Correct
Imagine Dragons Radioactive (Remix) Kendrick Lamar Don't Wanna Know Maroon 5
100%
Coldplay My Universe BTS Boy With Luv Halsey
50%
Luis Fonzi Despacito (Remix) Justin Beiber Holy / I'm The One / No Brainer Chance The Rapper
50%
Lana Del Rey Don't Call Me Angel Miley Cyrus Lockdown David Byrne
50%
Rivers Cuomo Magic B.o.B Airplanes Hayley Williams
0%
George Michael Don't Let The Sun Go Down On Me Elton John Cold Heart Dua Lipa
0%
Taylor Swift Endgame Future Everyday Hustle / No Games / U.E.O.N.O. ... Rick Ross
0%
Stevie Nicks Oil Gorillaz Welcome To The Worldof the Plastic Beach / Hollywood Snoop Dogg
0%
Frank Ocean Pyramids John Mayer Beat It Fall Out Boy
0%
Jay-Z Suit & Tie / Holy Grail Justin Timberlake Say Something Chris Stapleton
0%
Migos Bad and Boujee Lil Uzi Vert Werewolf Bring Me The Horizon
0%
Bastille Happier Marshmello Come & Go Juice WRLD
0%
Will.I.Am T.H.E. (The Hardest Ever) Mick Jagger Dancing In The Street David Bowie
0%
Tim McGraw Over and Over Nelly Call On Me Janet Jackson
0%
Kanye West FourFiveSeconds Paul McCartney The Kiss Of Venus Dominic Fike
0%
No matching quizzes found
Score Distribution
Percent of People with Each Score
Percentile by Number Answered
Your Score History
You have not taken this quiz